Statistiques concernant Football quiz n°13

Cliquez ici pour prendre le quiz!

Statistiques générales

  • Ce quiz a été pris 155 fois
  • Le résultat moyen est 5 sur 15

Statistiques - réponses

QuestionsRéponses% Correct
Meilleur résultat en LDC du club ci-dessusDemi finale
83%
Quel club a aligné une charnière centrale composé de Aguerd et KehrerWest Ham
77%
Kalidou Koulibaly, Franck Ribéry ou encore Robert Pires sont passé par ce clubFC Metz
71%
Plus jeune joueur en Ligue 1Warren Zaire Emery
43%
Attaquant nigérian passé par villarrealChukwueze
34%
A arrêté 3 tirs au but dans la même séance de pénalty a la coupe du monde 2022Dominik Livakovic
28%
Champion de Belgique en titreAntwerp
26%
Milieu espagnole Manchester UnitedAnder Herrera
24%
Dernier club de Miroslav KloseLazio Rome
24%
Japonais du Parme AC de 2001 à 2004Hidetoshi Nakata
21%
Gardien ayant marqué 128 buts en carrièreRogério Ceni
18%
Contre quelle équipe la France a t-elle perdu 17-1Danemark
16%
2 coupes de France, la dernière en 2007Sochaux
16%
Buteur passé par l'Ajax, Arsenal et Portsmouth (+160 buts)Kwankwo Kanu
4%
Dans quel club Ruud Van Nistelrooy à t-il pris sa retraite en 2012 ?Malaga
3%

Distribution des résultats

Percentile par nombre de réponses

% des personnes avec chaque résultat

Votre développement - résultats

Vous n’avez pas pris ce quiz